000 00555cam a22002053a 4500
001 44301
003 PGUSA
005 20140828084018.0
008 131127s2013||||xxu|||||s|||||000 | eng d
040 _aPGUSA
_beng
042 _adc
100 1 _aBagnyon, Jehan,
_d1412-
245 1 0 _aFierabras
_h[electronic resource] /
_cJehan Bagnyon
260 _bProject Gutenberg,
_c2013
506 _aPublic domain in the USA.
516 _aElectronic text
830 0 _aProject Gutenberg
_v44301
856 4 0 _uhttp://www.gutenberg.org/ebooks/44301
942 _cEB
999 _c273552
_d273552